Résultats des candidats à l’élection présidentielle 1995 - Statistiques

Statistiques générales
  • Ce quiz a été pris 53 fois
  • Le résultat moyen est 6 sur 9
Statistiques - réponses
Parti Score Candidat % Correct
Front National 15,00% Jean-Marie Le Pen
100%
RPR 1er tour : 20,84%2nd tour : 52,64% Jacques Chirac
98%
Parti Socialiste 1er tour : 23,30%2nd tour : 47,36% Lionel Jospin
93%
RPR 18,58% Édouard Balladur
80%
Lutte Ouvrière 5,30% Arlette Laguiller
76%
Parti CommunisteFrançais 8,64% Robert Hue
76%
Mouvement Pourla France 4,74% Philippe de Villiers
51%
Les Verts 3,32% Dominique Voynet
33%
FNS 0,28% Jacques Cheminade
31%
Aucun quiz correspondant
Distribution des résultats
% des personnes avec chaque résultat
Percentile par nombre de réponses
Votre historique - résultats
Vous n’avez pas pris ce quiz